Villes mondiales finissant par P - Statistiques

Statistiques générales
  • Ce quiz a été pris 91 fois
  • Le résultat moyen est 4 sur 20
Statistiques - réponses
Hint Réponse % Correct
Capitale législative de l'Afrique du Sud Le Cap
96%
Ville de Syrie dont le nom fait penser a une ancienne joueuse de tennis Alep
83%
Préfecture des Hautes-Alpes Gap
73%
Un club breton en Ligue 2 Guingamp
55%
Instrument permettant de lancer le tournage d'un film, afin de trouver une ville du 30 Méjannes-le-Clap
33%
Liqueur a 40% dont on enlève le "i" pour en faire une ville Gennep
21%
Ville à 40 kilomètres du Havre Fécamp
20%
Ville de l'Ouzbékistan, dont le nom est un style de musique Pop
15%
Tu as besoin d'aide, change une lettre du verbe aider en anglais Belp
4%
1er des 3 noms de Uliga-Darrit aux îles Marshall Delap
4%
Les Loupérivois y habitent Rivière-du-Loup
3%
Ville allemande dans la région de la Ruhr district du Münster Bottrop
1%
Ville e naissance du boxeur coréen Choi Yo-sam, décédé a cause d'un combat gagné Jeongeup
1%
Ville de Turquie à la fois au nord et u centre sur la Mer Noire Sinop
1%
Ville d'Ouzbékistan sur le delta d'Amou-Daria Hazorasp
0%
Ville russe où apparaît la Cathédrale Sainte Catherine Kinguissepp
0%
Ville de Russie connue pour sa Mosquée de couleur bleue Maïkop
0%
Ville de 23 000 habitants a l'Est de Malmö Staffanstorp
0%
Cœur de la Cappadoce en Turquie Urgup
0%
Ville des Pays-Bas signifiant orphelin en néerlandais Weesp
0%
Aucun quiz correspondant
Distribution des résultats
% des personnes avec chaque résultat
Percentile par nombre de réponses
Votre historique - résultats
Vous n’avez pas pris ce quiz